India's search for power : Indira Gandhi's foreign policy (Record no. 15530)

MARC details
000 -LEADER
fixed length control field 00339nam a2200133Ia 4500
082 ## - DEWEY DECIMAL CLASSIFICATION NUMBER
Classification number RS.0166
100 ## - MAIN ENTRY--AUTHOR NAME
Personal name Surjit Mansingh
245 #0 - TITLE STATEMENT
Title India's search for power : Indira Gandhi's foreign policy
260 ## - PUBLICATION, DISTRIBUTION, ETC. (IMPRINT)
Year of publication 0
Name of publisher ICSSR, New Delhi
300 ## - PHYSICAL DESCRIPTION
Number of Pages v.p.
650 ## - SUBJECT ADDED ENTRY--TOPICAL TERM
Topical Term INDIA - FOREIGN RELATIONS
650 ## - SUBJECT ADDED ENTRY--TOPICAL TERM
Topical Term GANDHI, INDIRA
942 ## - ADDED ENTRY ELEMENTS (KOHA)
Koha item type Research Reports
Source of classification or shelving scheme Dewey Decimal Classification
Holdings
Withdrawn status Lost status Damaged status Not for loan Home library Current library Date acquired Bill Date Full call number Accession Number Price effective from Koha item type
        NASSDOC Library NASSDOC Library 08/10/2004 2004-10-22 RS.0166 14577 18/04/2019 Research Reports